Statistiques concernant Attractions de Europa park | 2020 Update

Cliquez ici pour prendre le quiz!

Statistiques générales

  • Ce quiz a été pris 121 fois
    (46 depuis la dernière actualisation)
  • Le résultat moyen est 11 sur 59

Statistiques - réponses

Année d'OuvertureAttractionQuartier% Correct
2002Silver StarFrance
100%
2009Blue FireIslande
93%
2000PoseidonGrèce
80%
2014ARTHURRoyaume des Minimoys
77%
2012WodanIslande
73%
1997Euro-mirRussie
70%
2006PegasusGrèce
50%
2005Atlantica SuperSplashPortugal
47%
2017VoletariumAllemagne
43%
1982Piccolo MondoItalie
33%
1991Fjord-RaftingScandinavie
27%
2020Piraten in BataviaPays-Bas
27%
2008Crazy TaxiAngleterre
27%
1982GeisterschlossItalie
27%
2018Eurosat CanCan CoasterFrance
27%
1983Euro-TowerFrance
27%
2016Ba-a-a ExpressIrlande
23%
2011Volo Da VinciItalie
23%
1999Matterhorn BlitzSuisse
23%
1984Alpen Express EnzianAutriche
23%
2016Dancing DingieIrlande
17%
2000Fluch der KassandraGrèce
17%
2008London BusAngleterre
17%
1978Tiroler WildwasserbahnAutriche
10%
1985Schweizer BobbahnSuisse
10%
2019Snorri TourenScandinavie
10%
1995Feria SwingEspagne
10%
2007Abenteuer AtlantisGrèce
10%
1993VindjammerScandinavie
10%
2014Poppy TowersRoyaume des Minimoys
7%
1980Roter BaronPays-Bas
7%
2010Whale AdventuresIslande
7%
1987Lada AutodromRussie
7%
2018Madame Freudenreich CuriositésFrance
7%
1979ElfenfahrtAllemagne
7%
1978Dschungel-FlossfahrtUnivers de l'Aventure
7%
1975Silverstone-PisteAngleterre
3%
2015Alpen Express CoastialityAutriche
3%
2018Jim KnopfAllemagne
3%
1992Marionetten-BootsfahrtFrance
3%
2016Spinning DragonsIrlande
3%
2016Quipse Paddle BoatsIrlande
3%
1995KolombusJolleEspagne
3%
2016Tower TowIrlande
3%
2016Sheep RockIrlande
3%
1989Jungfrau-GletscherfliegerSuisse
3%
2014Mül-Müls KarussellRoyaume des Minimoys
3%
1975WichtelhausenForêt Enchanté
3%
1996Flug des IkarusGrèce
3%
1985KoffiekopjesPays-Bas
3%
1998Schlittenfahrt SchneeflöckenRussie
3%
1976Oldtimer-fahrtAllemagne
3%
2006FootballScooterAngleterre
0%
2016Old Mac Donald's Tractor FunIrlande
0%
2006Wiener WellenfliegerAutriche
0%
1982Fliegender-HolländerPays-Bas
0%
2018Eurosat CoastialityFrance
0%
1977Mini-ScooterPays-Bas
0%
1900The British CarouselAngleterre
0%

Distribution des résultats

Percentile par nombre de réponses

% des personnes avec chaque résultat

Votre développement - résultats

Vous n’avez pas pris ce quiz depuis la dernière actualisation